Statistiques concernant Personnages de Manifest

Cliquez ici pour prendre le quiz!

Statistiques générales

  • Ce quiz a été pris 237 fois
  • Le résultat moyen est 8 sur 16

Statistiques - réponses

Réponse% Correct
Ben Stone
97%
Caleb Stone
77%
Michaela Stone
73%
Olive Stone
73%
Grace Stone
71%
Angelina Meyer
57%
TJ Morrison
50%
Saanvi Bahl
48%
Robert Vance
44%
Ezekiel Landon
34%
Drea Mikami
33%
Jared Vasquez
33%
Danny
22%
Beverly Markes
15%
Eagan Tehrani
13%
Tarik
11%

Distribution des résultats

Percentile par nombre de réponses

% des personnes avec chaque résultat

Votre développement - résultats

Vous n’avez pas pris ce quiz